Politika e jashtme e Kosovës : (Pas përcaktimit të statusit final) (Record no. 183)
[ view plain ]
| 000 -LEADER | |
|---|---|
| fixed length control field | 00467nam a22001337a 4500 |
| 008 - FIXED-LENGTH DATA ELEMENTS--GENERAL INFORMATION | |
| fixed length control field | 131028b xxu||||| |||| 00| 0 alb d |
| 041 0# - LANGUAGE CODE | |
| Language code of text/sound track or separate title | alb |
| 080 ## - UNIVERSAL DECIMAL CLASSIFICATION NUMBER | |
| Universal Decimal Classification number | 327 |
| Common auxiliary subdivision | (496.51)(042.5) |
| 245 00 - TITLE STATEMENT | |
| Title | Politika e jashtme e Kosovës : (Pas përcaktimit të statusit final) |
| 260 ## - | |
| -- | Prishtinë : |
| -- | Forum 15 ; |
| -- | 2007. |
| 300 ## - | |
| -- | 111 f. ; |
| -- | 24 cm. |
| 650 ## - | |
| -- | Marrëdhënie ndërkombëtare |
| -- | Kosovë |
| 942 ## - ADDED ENTRY ELEMENTS (KOHA) | |
| Source of classification or shelving scheme | |
| Item type | Books |
| Withdrawn status | Lost status | Source of classification or shelving scheme | Damaged status | Not for loan | Collection code | Permanent location | Current location | Shelving location | Date acquired | Total Checkouts | Full call number | Barcode | Date last seen | Koha item type |
|---|---|---|---|---|---|---|---|---|---|---|---|---|---|---|
| Koleksioni i përgjithshem | UBT - Prishtine | UBT - Prishtine | Koleksioni i përgjithshem | 10/28/2013 | 327 (496.51)(042.5) POL | 001-000202 | 10/28/2013 | Books | ||||||
| Koleksioni i përgjithshem | UBT - Prishtine | UBT - Prishtine | Koleksioni i përgjithshem | 10/28/2013 | 327 (496.51)(042.5) POL | 001-000203 | 10/28/2013 | Books | ||||||
| Koleksioni i përgjithshem | UBT - Prishtine | UBT - Prishtine | Koleksioni i përgjithshem | 10/28/2013 | 327 (496.51)(042.5) POL | 001-000204 | 10/28/2013 | Books | ||||||
| Koleksioni i përgjithshem | UBT - Prishtine | UBT - Prishtine | Koleksioni i përgjithshem | 10/28/2013 | 327 (496.51)(042.5) POL | 001-000205 | 10/28/2013 | Books |